000
00369nam a2200145Ia 4500
008
231129s2009||||xx |||||||||||||| ||spa||
020
_a
978-84-96388-43-7
040
_b
spa
082
_a
(i) 833 W855v
100
_a
Wolfel Ursula
245
0
_a
29 historias disparatadas
260
_c
2009
264
_a
Kalandraka
942
_2
ddc
_c
BKS
999
_c
2592
_d
2592